[Event "zonal 3.5 (w)"]
[Site "Beijing CHN"]
[Date "2009.04.26"]
[Round "9"]
[White "Zhang Jilin"]
[Black "Wang Jue"]
[Result "1/2-1/2"]
[WhiteElo "2335"]
[BlackElo "2162"]
[EventDate "2009.04.17"]
[PlyCount "108"]

1.e4 c5 2.Nf3 d6 3.d4 cxd4 4.Nxd4 Nf6 5.Nc3 e6 6.g3 Be7 7.Bg2 O-O 8.O-O 
Nc6 9.Nde2 Qa5 10.h3 Rd8 11.b3 Bd7 12.Bb2 Rac8 13.Nf4 Ne5 14.Qd2 d5 15.a3 
d4 16.Qxd4 Bc5 17.Qd1 Bb5 18.b4 Rxd1 19.bxa5 Rxf1+ 20.Bxf1 Bxf1 21.Kxf1 
Nc4 22.Bc1 Bd4 23.Nfe2 Nxe4 24.Nxd4 Nxc3 25.Nb3 Rd8 26.Be3 Nxe3+ 27.fxe3 
Rd5 28.Kg2 g5 29.g4 Kg7 30.Rf1 Kg6 31.Kf3 f5 32.Rf2 Ne4 33.Rf1 h5 34.Rb1 
hxg4+ 35.hxg4 Nc3 36.Rh1 Re5 37.Rh8 fxg4+ 38.Kxg4 Rxe3 39.Rg8+ Kh6 40.Rh8+
Kg7 41.Rh3 Rxh3 42.Kxh3 e5 43.Kg4 Kg6 44.Nc5 e4 45.Nxb7 e3 46.Nc5 Ne4 47.
Nd3 Nf2+ 48.Kf3 Nxd3 49.cxd3 Kf5 50.Kxe3 Ke5 51.a6 g4 52.Kf2 Kd4 53.Kg3 
Kxd3 54.Kxg4 Kc4 1/2-1/2

[Event "zonal 3.5 (w)"]
[Site "Beijing CHN"]
[Date "2009.04.26"]
[Round "9"]
[White "Zhang Xiaowen"]
[Black "Gu Xiaobing"]
[Result "0-1"]
[WhiteElo "2340"]
[BlackElo "2336"]
[EventDate "2009.04.17"]
[PlyCount "68"]

1.e4 c5 2.Nf3 d6 3.d4 cxd4 4.Nxd4 Nf6 5.Nc3 a6 6.Be2 e5 7.Nb3 Be7 8.O-O 
O-O 9.a4 Nc6 10.Bg5 Be6 11.Bxf6 Bxf6 12.Nd5 Bg5 13.a5 g6 14.c4 Bh6 15.Bg4 
Bg7 16.Bxe6 fxe6 17.Nb6 Rb8 18.c5 Nd4 19.Rc1 dxc5 20.Nxc5 Rf7 21.Kh1 Qh4 
22.Qe1 Bh6 23.Rc3 Nf3 24.Rxf3 Rxf3 25.Ncd7 Rd8 26.Nxe5 Rb3 27.Qe2 Rb4 28.
Ned7 Rd4 29.Nc5 Rd2 30.Qc4 Rxf2 31.Qxe6+ Kh8 32.Qc4 Rxf1+ 33.Qxf1 Rf8 34.
Qd1 Qf2 0-1

[Event "zonal 3.5 (w)"]
[Site "Beijing CHN"]
[Date "2009.04.27"]
[Round "10"]
[White "Ding Yixin"]
[Black "Zhang Xiaowen"]
[Result "0-1"]
[WhiteElo "2281"]
[BlackElo "2340"]
[EventDate "2009.04.17"]
[PlyCount "108"]

1.e4 e6 2.d4 d5 3.Nc3 Nf6 4.Bg5 Bb4 5.e5 h6 6.Bd2 Bxc3 7.bxc3 Ne4 8.Qg4 
Kf8 9.Qf4 Qg5 10.Qxe4 dxe4 11.Bxg5 hxg5 12.Kd2 b6 13.Be2 Bb7 14.f3 Nd7 15.
fxe4 Bxe4 16.Bf3 Bxf3 17.Nxf3 f6 18.h3 Kf7 19.Rae1 Rae8 20.a4 Kg6 21.Kd3 
Rd8 22.Kc4 f5 23.g3 Nb8 24.Kd3 c5 25.g4 fxg4 26.hxg4 Rhf8 27.Ke3 cxd4+ 28.
Nxd4 Rd5 29.Nxe6 Re8 30.Nd4 Rdxe5+ 31.Kd2 Rxe1 32.Rxe1 Rxe1 33.Kxe1 Nd7 
34.Nc6 a5 35.Ke2 Kf6 36.Ke3 Nc5 37.Kd4 Nxa4 38.Kc4 Ke6 39.Kd4 Nb2 40.c4 
Kd6 41.Ne5 a4 42.Nf7+ Ke7 43.Nxg5 a3 44.Kc3 Nxc4 45.Kb3 b5 46.Nf3 b4 47.
Nd4 Na5+ 48.Ka2 Kf6 49.c3 bxc3 50.Kxa3 Ke5 51.Ne2 c2 52.Kb2 Nc6 53.Ng3 Nd4
54.g5 g6 0-1

[Event "zonal 3.5 (w)"]
[Site "Beijing CHN"]
[Date "2009.04.27"]
[Round "10"]
[White "Gu Xiaobing"]
[Black "Wang Xiaohui"]
[Result "1-0"]
[WhiteElo "2336"]
[BlackElo "2265"]
[EventDate "2009.04.17"]
[PlyCount "143"]

1.e4 c5 2.Nf3 e6 3.d4 cxd4 4.Nxd4 a6 5.Bd3 Nf6 6.O-O Qc7 7.c4 d6 8.Nc3 g6 
9.Be3 Bg7 10.f3 O-O 11.Qd2 Nbd7 12.Rac1 b6 13.Rfd1 Bb7 14.Bf1 Rfd8 15.Qf2 
Rac8 16.b4 Qb8 17.Nb3 Bc6 18.a4 Ne8 19.Bd4 f5 20.exf5 gxf5 21.Bxg7 Nxg7 
22.Qh4 Ne5 23.Nd4 Bd7 24.f4 Ng6 25.Qg5 e5 26.fxe5 dxe5 27.Nf3 Be6 28.h4 e4
29.Nd4 Qf4 30.Qxf4 Nxf4 31.Nxe6 Ngxe6 32.Nd5 Nxd5 33.cxd5 Rxc1 34.Rxc1 
Rxd5 35.Rc6 Re5 36.Bc4 Kf7 37.Rxb6 Ke7 38.Rxa6 Nd4 39.a5 e3 40.Ra7+ Kd6 
41.Rxh7 e2 42.Bxe2 Rxe2 43.h5 Rb2 44.Rg7 Rxb4 45.h6 Nb5 46.a6 Rh4 47.Rb7 
Na7 48.Rxa7 Rxh6 49.Rf7 Ke5 50.a7 Ra6 51.Kh2 Ra3 52.g3 Ke6 53.Rh7 Ke5 54.
Kg2 Kf6 55.Kf2 Ke5 56.Ke2 Ke4 57.Re7+ Kd4 58.Kd2 Kd5 59.Kc2 Kd6 60.Rf7 Ke6
61.Rh7 Ke5 62.Kb2 Ra5 63.Kb3 Ke4 64.Rh4+ Kf3 65.Ra4 Rxa7 66.Rxa7 Kxg3 67.
Kc2 f4 68.Kd1 Kf2 69.Ra2+ Kf1 70.Kd2 Kf2 71.Kd3+ Kf3 72.Kd4 1-0

[Event "zonal 3.5 (w)"]
[Site "Beijing CHN"]
[Date "2009.04.27"]
[Round "10"]
[White "Huang Qian"]
[Black "Shen Yang"]
[Result "1/2-1/2"]
[WhiteElo "2410"]
[BlackElo "2420"]
[EventDate "2009.04.17"]
[PlyCount "61"]

1.d4 d5 2.c4 c6 3.Nf3 Nf6 4.cxd5 cxd5 5.Nc3 Nc6 6.Bf4 Bf5 7.e3 e6 8.Bd3 
Bxd3 9.Qxd3 Bd6 10.Bxd6 Qxd6 11.O-O O-O 12.h3 h6 13.a3 a6 14.Rac1 Rac8 15.
Rc2 Rc7 16.Rfc1 Rfc8 17.Ne2 Nd8 18.Rxc7 Rxc7 19.Rxc7 Qxc7 20.Qc3 Qxc3 21.
Nxc3 Nc6 22.Kf1 Kf8 23.Ke2 Ke7 24.Kd3 Kd6 25.Nd2 Nd7 26.f4 f5 27.Nf3 Nf6 
28.Ne5 Ne4 29.Nxe4+ dxe4+ 30.Kd2 Nxe5 31.h4 1/2-1/2

[Event "zonal 3.5 (w)"]
[Site "Beijing CHN"]
[Date "2009.04.27"]
[Round "10"]
[White "Wang Jue"]
[Black "Tan Zhongyi"]
[Result "0-1"]
[WhiteElo "2162"]
[BlackElo "2436"]
[EventDate "2009.04.17"]
[PlyCount "96"]

1.e4 e5 2.Nf3 Nc6 3.Bb5 a6 4.Ba4 Nf6 5.O-O Be7 6.Re1 b5 7.Bb3 O-O 8.h3 d6 
9.c3 Na5 10.Bc2 c5 11.d4 Qc7 12.d5 Bd7 13.Nbd2 g6 14.b3 Nh5 15.Nf1 Bf6 16.
Be3 Nb7 17.Qd2 Bg7 18.Bd1 c4 19.g3 Nf6 20.Bh6 Nc5 21.Bc2 cxb3 22.axb3 Bxh3
23.Bxg7 Kxg7 24.b4 Ncd7 25.Ne3 Nb6 26.Ng5 Bd7 27.f4 h6 28.Nf3 Rfc8 29.Qf2 
Qxc3 30.fxe5 dxe5 31.Rf1 Bh3 32.Nd4 Bxf1 33.Rxf1 Nbd7 34.Nc6 Rxc6 35.dxc6 
Qxc6 36.Nd5 Rf8 37.Qd2 Nxd5 38.exd5 Qb6+ 39.Kg2 Nf6 40.Rd1 Rd8 41.Bb3 Ng4 
42.Re1 h5 43.Qb2 Rc8 44.Re4 Rc1 45.Rxg4 Qg1+ 46.Kf3 Rf1+ 47.Ke4 Re1+ 48.
Kd3 Qe3+ 0-1

[Event "zonal 3.5 (w)"]
[Site "Beijing CHN"]
[Date "2009.04.27"]
[Round "10"]
[White "Wang Yu"]
[Black "Ju Wenjun"]
[Result "1-0"]
[WhiteElo "2109"]
[BlackElo "2454"]
[EventDate "2009.04.17"]
[PlyCount "69"]

1.e4 c5 2.Nf3 d6 3.d4 cxd4 4.Nxd4 Nf6 5.Nc3 a6 6.Be3 e5 7.Nb3 Be7 8.Qd2 
O-O 9.O-O-O a5 10.a4 Be6 11.f4 Qc8 12.Kb1 Nc6 13.f5 Nxe4 14.Nxe4 Bxf5 15.
Ng3 Be6 16.Bb5 f5 17.Bb6 Bd8 18.Bxd8 Rxd8 19.Rhe1 h6 20.Qc3 Kh8 21.Rd2 Qc7
22.Red1 f4 23.Ne4 Bg4 24.Be2 Bxe2 25.Rxe2 d5 26.Nec5 Qb8 27.g3 b5 28.Nd7 
Rxd7 29.Qxc6 f3 30.Qxd7 fxe2 31.Re1 bxa4 32.Qxa4 Qf8 33.Rxe2 Qf1+ 34.Nc1 
e4 35.Qd7 1-0

[Event "zonal 3.5 (w)"]
[Site "Beijing CHN"]
[Date "2009.04.27"]
[Round "10"]
[White "Zhang Jilin"]
[Black "Ruan Lufei"]
[Result "0-1"]
[WhiteElo "2335"]
[BlackElo "2486"]
[EventDate "2009.04.17"]
[PlyCount "142"]

1.e4 e5 2.Nf3 Nc6 3.Bb5 Nd4 4.Nxd4 exd4 5.O-O Bc5 6.Bc4 Qh4 7.d3 d6 8.Qf3 
Nf6 9.Bf4 Bg4 10.Qg3 Qxg3 11.Bxg3 c6 12.a4 a5 13.Nd2 Nh5 14.Bh4 Nf4 15.f3 
Bd7 16.Nb3 Bb6 17.Rfe1 Ng6 18.Bf2 c5 19.Bd5 Bc6 20.Bxc6+ bxc6 21.Nd2 Kd7 
22.Bg3 Rhe8 23.h3 f6 24.Kf1 Bc7 25.b3 d5 26.Bxc7 Kxc7 27.g3 Kd6 28.Re2 
Rab8 29.Rae1 Re7 30.Kf2 h5 31.h4 Ne5 32.Kg2 Rb4 33.exd5 cxd5 34.g4 Rb8 35.
Kg3 Rh8 36.f4 Nc6 37.Rxe7 Nxe7 38.f5 Kd7 39.Nf3 Re8 40.Kf4 hxg4 41.Kxg4 
Nc6 42.Rxe8 Kxe8 43.Kf4 Nb4 44.Ne1 Ke7 45.Kg4 Kf7 46.Kf4 Na2 47.Nf3 Nc3 
48.Ne1 Ke7 49.Kg4 Nd1 50.Kf4 Kd6 51.Ng2 Nc3 52.Ne1 Ke7 53.Kg4 Nd1 54.Kf4 
Kd7 55.Ng2 Kd6 56.h5 Nc3 57.Ne1 c4 58.dxc4 dxc4 59.bxc4 Kc5 60.Nf3 Kxc4 
61.Nd2+ Kb4 62.Nf3 Ne2+ 63.Ke4 Kc3 64.Ne1 Kc4 65.Ng2 Nc3+ 66.Kf3 Nxa4 67.
Nf4 Nc5 68.Ne6 a4 69.Nxg7 Nd7 70.Ne8 a3 71.Nd6+ Kd5 0-1

[Event "zonal 3.5 (w)"]
[Site "Beijing CHN"]
[Date "2009.04.28"]
[Round "11"]
[White "Ju Wenjun"]
[Black "Ding Yixin"]
[Result "1/2-1/2"]
[WhiteElo "2454"]
[BlackElo "2281"]
[EventDate "2009.04.17"]
[PlyCount "82"]

1.Nf3 Nf6 2.c4 c5 3.d4 cxd4 4.Nxd4 Nc6 5.Nc3 g6 6.e4 Bg7 7.Be3 d6 8.Be2 
O-O 9.O-O Bd7 10.Rb1 Rc8 11.f3 a6 12.Nxc6 Bxc6 13.Qd2 Qd7 14.Qd3 Qd8 15.b4
Bd7 16.Rfc1 Be6 17.Nd5 Nxd5 18.cxd5 Bd7 19.Qb3 h5 20.Rxc8 Qxc8 21.Rc1 Qb8 
22.b5 axb5 23.Bxb5 Bxb5 24.Qxb5 Rc8 25.Rc4 Rxc4 26.Qxc4 Qa8 27.a4 Qa5 28.
Kf2 Bf6 29.Ke2 Kh7 30.f4 Bg7 31.Kf2 Bf6 32.h3 Bh4+ 33.g3 Bf6 34.Ke2 Kg8 
35.Qc8+ Kg7 36.Qc4 Kg8 37.Kf2 Kh7 38.Ke2 Kg8 39.Qc8+ Kg7 40.Qc4 Kg8 41.
Qc8+ Kg7 1/2-1/2

[Event "zonal 3.5 (w)"]
[Site "Beijing CHN"]
[Date "2009.04.28"]
[Round "11"]
[White "Ruan Lufei"]
[Black "Wang Xiaohui"]
[Result "1-0"]
[WhiteElo "2486"]
[BlackElo "2265"]
[EventDate "2009.04.17"]
[PlyCount "109"]

1.e4 c5 2.Nf3 e6 3.d4 cxd4 4.Nxd4 a6 5.Nc3 Qc7 6.Be2 Nf6 7.O-O Be7 8.f4 d6
9.a4 Nc6 10.Be3 O-O 11.Kh1 Bd7 12.Nb3 b6 13.g4 Bc8 14.g5 Nd7 15.Bf3 Bb7 
16.Bg2 Rfe8 17.Qd2 Rab8 18.Qf2 g6 19.Rad1 Bf8 20.Rd2 Nc5 21.e5 Nb4 22.exd6
Bxg2+ 23.Qxg2 Bxd6 24.a5 Nd7 25.axb6 Nxb6 26.Bxb6 Rxb6 27.Qe4 Be7 28.Rfd1 
Nxc2 29.Qxc2 Qb7+ 30.Ne4 Rxb3 31.Rd7 Rxb2 32.Rxb7 Rxc2 33.Rxe7 Rb8 34.Nf6+
Kg7 35.Re8 Rxe8 36.Nxe8+ Kf8 37.Nf6 Rc4 38.Nxh7+ Ke7 39.Ra1 Rxf4 40.Rxa6 
e5 41.Nf6 Rf5 42.Ng8+ Kd7 43.Nh6 Rxg5 44.Nxf7 Rf5 45.Nh6 Rg5 46.Ng8 Ke8 
47.Nf6+ Kf7 48.Ne4 Rg4 49.Ra4 Kg7 50.Ra7+ Kh6 51.Rh7+ Kxh7 52.Nf6+ Kh6 53.
Nxg4+ Kg5 54.Nxe5 Kf5 55.Nf3 1-0

[Event "zonal 3.5 (w)"]
[Site "Beijing CHN"]
[Date "2009.04.28"]
[Round "11"]
[White "Shen Yang"]
[Black "Wang Jue"]
[Result "1-0"]
[WhiteElo "2420"]
[BlackElo "2162"]
[EventDate "2009.04.17"]
[PlyCount "105"]

1.d4 Nf6 2.Bg5 g6 3.Bxf6 exf6 4.e3 Bg7 5.c4 d6 6.Nc3 O-O 7.g3 c6 8.Bg2 Qb6
9.Qd2 Na6 10.Nge2 f5 11.O-O Be6 12.b3 Rab8 13.Rab1 Rfc8 14.Rfd1 Qb4 15.Qb2
g5 16.Qd2 h6 17.d5 cxd5 18.Nxd5 Qxd2 19.Rxd2 Kf8 20.Ndc3 Nc7 21.Rxd6 b5 
22.Nxb5 Nxb5 23.cxb5 Rxb5 24.Nd4 Rb6 25.Rxb6 axb6 26.Nc6 Bd7 27.Nb4 b5 28.
f4 Bc3 29.Nd5 b4 30.Rd1 Bb5 31.Bf1 Bc6 32.a4 Re8 33.Kf2 Rb8 34.Bc4 Kg7 35.
Nc7 Rc8 36.Nb5 Be4 37.a5 Ra8 38.Rd7 Kg8 39.Rxf7 Kh8 40.Ra7 Rd8 41.Ke2 g4 
42.Nd4 Bxd4 43.exd4 Rxd4 44.a6 Bf3+ 45.Ke3 Re4+ 46.Kf2 Rd4 47.Rf7 Be4 48.
a7 Rd2+ 49.Ke3 Ra2 50.Kd4 Ra5 51.Rd7 Bc6 52.Rd6 Be4 53.Ra6 1-0

[Event "zonal 3.5 (w)"]
[Site "Beijing CHN"]
[Date "2009.04.28"]
[Round "11"]
[White "Tan Zhongyi"]
[Black "Zhang Jilin"]
[Result "1-0"]
[WhiteElo "2436"]
[BlackElo "2335"]
[EventDate "2009.04.17"]
[PlyCount "67"]

1.d4 Nf6 2.Nf3 g6 3.g3 Bg7 4.Bg2 c5 5.O-O cxd4 6.Nxd4 O-O 7.c4 Nc6 8.Nc3 
Nxd4 9.Qxd4 d6 10.Qd3 Rb8 11.Bd2 Bd7 12.b3 Bc6 13.e4 Nd7 14.Rab1 f5 15.Qe2
Nc5 16.exf5 Bxg2 17.Kxg2 Rxf5 18.Nd5 Re5 19.Qd1 Qd7 20.Bf4 Rh5 21.g4 Rh4 
22.h3 Ne6 23.Bg3 Rh6 24.Re1 g5 25.Re4 b5 26.Qe2 Nd4 27.Rxd4 Bxd4 28.Qxe7 
Qe6 29.Re1 Qf7 30.Qxg5+ Bg7 31.Re7 Qf8 32.c5 Rg6 33.Qe3 Bh6 34.Qe4 1-0

[Event "zonal 3.5 (w)"]
[Site "Beijing CHN"]
[Date "2009.04.28"]
[Round "11"]
[White "Wang Yu"]
[Black "Gu Xiaobing"]
[Result "1/2-1/2"]
[WhiteElo "2109"]
[BlackElo "2336"]
[EventDate "2009.04.17"]
[PlyCount "108"]

1.e4 c5 2.Nf3 d6 3.d4 cxd4 4.Nxd4 Nf6 5.Nc3 g6 6.Be2 Bg7 7.O-O Nc6 8.Be3 
O-O 9.Qd2 a6 10.a4 Bd7 11.f3 Rb8 12.Rfd1 Nxd4 13.Bxd4 b5 14.axb5 axb5 15.
e5 dxe5 16.Bxe5 Qb6+ 17.Bd4 Qd6 18.Qe3 Qc6 19.Ra5 b4 20.Rc5 Qb7 21.Bxf6 
exf6 22.Nd5 Rfe8 23.Qf2 Rbc8 24.Rxc8 Bxc8 25.Bc4 Be6 26.b3 f5 27.Qc5 Bxd5 
28.Bxd5 Qe7 29.Qxe7 Rxe7 30.Bc4 Bc3 31.Kf1 f4 32.Be2 Kg7 33.Rd6 h5 34.Ra6 
g5 35.Rc6 Ra7 36.Ra6 Rd7 37.Bd3 Re7 38.Be2 Rd7 39.Bd3 g4 40.Ra5 Kh6 41.
fxg4 hxg4 42.Rf5 Bd2 43.Be2 Rc7 44.Bxg4 Rxc2 45.Rxf7 Be3 46.Bf3 Rf2+ 47.
Ke1 Rb2 48.Bd5 Kg6 49.Rf8 Kg7 50.Re8 Kf6 51.h3 Rd2 52.Bf3 Rb2 53.Bd5 Rd2 
54.Bf3 Rb2 1/2-1/2

[Event "zonal 3.5 (w)"]
[Site "Beijing CHN"]
[Date "2009.04.28"]
[Round "11"]
[White "Zhang Xiaowen"]
[Black "Huang Qian"]
[Result "1/2-1/2"]
[WhiteElo "2340"]
[BlackElo "2410"]
[EventDate "2009.04.17"]
[PlyCount "60"]

1.e4 c5 2.Nf3 d6 3.d4 cxd4 4.Nxd4 Nf6 5.Nc3 a6 6.Be2 e5 7.Nb3 Be7 8.O-O 
O-O 9.Be3 Be6 10.Qd2 Nbd7 11.a4 Rc8 12.a5 Qc7 13.Rfd1 Rfd8 14.Qe1 Qc6 15.
Bf3 Qc7 16.Be2 Qc6 17.Bf3 Qc7 18.h3 h6 19.Be2 Qc6 20.Bf3 Qc7 21.Rd2 Nc5 
22.Nxc5 dxc5 23.Na4 Rxd2 24.Qxd2 Qc6 25.Qc3 Bd6 26.Qd2 Be7 27.Qc3 Bd6 28.
Qd2 Be7 29.Qc3 Bd6 30.Qd2 Be7 1/2-1/2